Textbook of Mental Health and Psychiatric Nursing (Record no. 159003)

MARC details
000 -LEADER
fixed length control field 00465nam a2200181Ia 4500
003 - CONTROL NUMBER IDENTIFIER
control field OSt
005 - DATE AND TIME OF LATEST TRANSACTION
control field 20231027123151.0
008 - FIXED-LENGTH DATA ELEMENTS--GENERAL INFORMATION
fixed length control field 230519s9999 xx 000 0 und d
020 ## - INTERNATIONAL STANDARD BOOK NUMBER
International Standard Book Number 978-93-81390-39-9
041 ## - LANGUAGE CODE
Language code of text/sound track or separate title eng
082 ## - DEWEY DECIMAL CLASSIFICATION NUMBER
Classification number PY 610.7365 GUP DB0181
100 ## - MAIN ENTRY--PERSONAL NAME
Personal name Gupta Ram
245 ## - TITLE STATEMENT
Title Textbook of Mental Health and Psychiatric Nursing
260 ## - PUBLICATION, DISTRIBUTION, ETC. (IMPRINT)
Name of publisher, distributor, etc. S Vikas and Co
Place of publication, distribution, etc. Jalandhar
Date of publication, distribution, etc. 2012
300 ## - PHYSICAL DESCRIPTION
Extent 327p
942 ## - ADDED ENTRY ELEMENTS (KOHA)
Source of classification or shelving scheme Dewey Decimal Classification
Koha item type Donated Book
Holdings
Withdrawn status Lost status Source of classification or shelving scheme Damaged status Not for loan Home library Current library Date acquired Cost, normal purchase price Bill number Total Checkouts Total Renewals Full call number Barcode Date last seen Date last checked out Bill Date Koha item type Original Barcode
    Dewey Decimal Classification     Smt. Bakul Tambat Institute of Nursing Education Smt. Bakul Tambat Institute of Nursing Education 29/10/2013 315.00 401 20 11 PY 610.7365 GUP DB0181 BTIN-DB-181 23/07/2025 16/07/2025 31/10/2013 Donated Book DB0181
    Dewey Decimal Classification     Smt. Bakul Tambat Institute of Nursing Education Smt. Bakul Tambat Institute of Nursing Education 19/10/2023 455.00 67 21 18 PY 610.7365 GUP DB1200 BTIN-DB-1200 16/08/2025 17/07/2025 20/10/2023 Donated Book DB1200
    Dewey Decimal Classification     Smt. Bakul Tambat Institute of Nursing Education Smt. Bakul Tambat Institute of Nursing Education 19/10/2023 455.00 67 12 15 PY 610.7365 GUP DB01201 BTIN-DB-1201 18/08/2025 05/07/2025 20/10/2023 Donated Book DB1201